• 首页
  • 本馆介绍
  • 公告通知
  • 最新文献
  • 馆藏检索
  • 电子资源
  • 读者导购
  • 参考咨询
  • 我的图书馆
  • 登录
  • 详细信息显示
  • 放入我的书架
  • 预约/预借图书
  • 作者相关作品
  • 分类相关作品
  • 丛书相关作品
  • 出版社相关作品

书目信息

  • 表格格式
  • 工作单格式
  • 卡片格式
题名:
吴伟业诗选译
    
 
作者: 吴伟业 著 ;黄永年 , 马雪芹 译注
分册:  
出版信息: 成都   巴蜀书社  1991.10
页数: 240页
开本: 19cm
丛书名: 古代文史名著选译丛书
单 册:
中图分类: I222.748 , I211
科图分类:
主题词: 古典诗歌--中国--明代--选集 , 古典诗歌 , 文学--作品集--中国
电子资源:
ISBN: 7-80523-358-6
000 00952oam2 2200313 450
001 1531697926
005 20150125084840.48
010    @a7-80523-358-6@dCNY28.00
100    @a19920528d1991 em y0chiy0110 ea
101 0  @achi
102    @aCN@b510000
105    @af zr 000gy
200 1  @a吴伟业诗选译@9wu wei ye shi xuan yi@f(明)吴伟业著@g黄永年,马雪芹译注
210    @a成都@c巴蜀书社@d1991.10
215    @a240页@c画像@d19cm
225 2  @a古代文史名著选译丛书@i宋元明清@f章培恒等主编
300    @a国家教委古籍整理“七·五”规划重点项目
461  0 @12001 @a古代文史名著选译丛书
462  0 @12001 @a宋元明清
606 0  @a古典诗歌@y中国@z明代@x选集
606 0  @a古典诗歌
606 0  @a文学@x作品集@x中国
690    @aI222.748@v三版
690    @aI211@v4
701  0 @a吴伟业@9wu wei ye@4著
702  0 @a黄永年@9huang yong nian@4译注
702  0 @a马雪芹@9ma xue qin@4译注
801  0 @aCN@bTSSF@c20150125
905    @aZUCC@dI211@eJY101
    
    吴伟业诗选译/(明)吴伟业著/黄永年,马雪芹译注.-成都:巴蜀书社,1991.10
    240页:画像;19cm.-(古代文史名著选译丛书.宋元明清/章培恒等主编)
    国家教委古籍整理“七·五”规划重点项目
    
    ISBN 7-80523-358-6:CNY28.00
    
●
相关链接 在E读中查询图书 在五车中查询图书 在当当中查询图书 在豆瓣中查询图书


正题名:吴伟业诗选译     索取号:I211/JY101         预约/预借

序号 登录号 条形码 馆藏地/架位号 状态 备注
1 7854000   278540009   学院路分馆/ [索取号:I211/JY101] 在馆    
2 7854001   278540018   学院路分馆/ [索取号:I211/JY101] 在馆    
唐山师范学院图书馆 欢迎您!
大连网信软件有限公司© 版权所有